[Event "Steinfurt Bezirksklasse 1819"]
[Site "Germany"]
[Date "2019.01.12"]
[Round "4.6"]
[White "Stroot, Helmut"]
[Black "Stricker, Reinhold"]
[Result "1-0"]
[WhiteElo "1208"]
[BlackElo "1214"]
[PlyCount "43"]
[EventDate "2018.09.29"]
[EventType "team-tourn"]
[EventRounds "7"]
[EventCountry "GER"]
[SourceTitle "EXT 2020"]
[Source "ChessBase"]
[SourceDate "2019.10.17"]
[SourceVersion "1"]
[SourceVersionDate "2019.10.17"]
[SourceQuality "1"]
[WhiteTeam "Rheine CC"]
[BlackTeam "Nordwalde II"]
[WhiteTeamCountry "GER"]
[BlackTeamCountry "GER"]

1. d4 d5 2. Bf4 Nf6 3. e3 a6 4. Nf3 Bg4 5. Nbd2 e6 6. Be2 h6 7. h3 Bf5 8. Ne5 Bd6 9. Ndf3 0-0 10. g4 Bh7 11. g5 hxg5 12. Bxg5 Be7 13. Rg1 g6 14. Bh6 Re8 15. Ng5 Bf8 16. Ngxf7 Qe7 17. Bxf8 Rxf8 18. Bd3 Nbd7 19. Bxg6 Bxg6 20. Rxg6+ Kh7 21. Ng5+ Kh8 22. Nef7+ 1-0

[Event "Steinfurt Bezirksklasse 1617"]
[Site "Germany"]
[Date "2017.05.13"]
[Round "9.6"]
[White "Welling, Heinz"]
[Black "Stricker, Reinhold"]
[Result "1-0"]
[WhiteElo "1150"]
[BlackElo "1186"]
[PlyCount "123"]
[EventDate "2016.09.17"]
[EventType "team"]
[EventRounds "10"]
[EventCountry "GER"]
[SourceTitle "EXT 2018"]
[Source "ChessBase"]
[SourceDate "2017.10.13"]
[SourceVersion "1"]
[SourceVersionDate "2017.10.13"]
[SourceQuality "1"]
[WhiteTeam "Reckenfeld II"]
[BlackTeam "Nordwalde II"]
[WhiteTeamCountry "GER"]
[BlackTeamCountry "GER"]

1. e4 e5 2. Nf3 Nc6 3. Bc4 Bc5 4. d3 h6 5. a3 a5 6. 0-0 Nf6 7. Nc3 d6 8. h3 0-0 9. Bd2 Re8 10. Qc1 Nh7 11. Kh1 Be6 12. Nd5 Bxd5 13. Bxd5 Qf6 14. c3 a4 15. Be3 Bxe3 16. fxe3 Qe7 17. Nd4 Rf8 18. Nxc6 bxc6 19. Bxc6 Ra7 20. Qc2 Rb8 21. Bxa4 Rab7 22. b4 Nf6 23. Bb3 c6 24. a4 c5 25. b5 Rf8 26. Qe2 Rd7 27. c4 Qd8 28. a5 Ra7 29. a6 Nd7 30. Kg1 Qb6 31. Qd2 Nb8 32. Bd1 Nxa6 33. Rxa6 Rxa6 34. bxa6 Qxa6 35. Bg4 Qb7 36. Kh2 g6 37. Qc2 Qe7 38. Rb1 Qg5 39. Qd2 f5 40. Bf3 f4 41. exf4 Qxf4+ 42. Qxf4 Rxf4 43. Rb7 Rf6 44. Kg1 Rf7 45. Rxf7 Kxf7 46. h4 g5 47. h5 Ke7 48. Kf2 Kd7 49. Ke2 Kc6 50. Kd2 Kb6 51. Kc3 Ka5 52. Bd1 Kb6 53. Kb3 Ka5 54. g3 Kb6 55. Ka4 Ka6 56. Bg4 Kb6 57. Bd7 Ka6 58. g4 Kb6 59. Bb5 Kc7 60. Ka5 Kb7 61. Ba4 Kc7 62. Ka6 1-0

[Event "Steinfurt Bezirksklasse 1617"]
[Site "Germany"]
[Date "2017.04.08"]
[Round "8.6"]
[White "Hengelman, Nick"]
[Black "Stricker, Reinhold"]
[Result "0-1"]
[WhiteElo "791"]
[BlackElo "1186"]
[PlyCount "74"]
[EventDate "2016.09.17"]
[EventType "team"]
[EventRounds "10"]
[EventCountry "GER"]
[SourceTitle "EXT 2018"]
[Source "ChessBase"]
[SourceDate "2017.10.13"]
[SourceVersion "1"]
[SourceVersionDate "2017.10.13"]
[SourceQuality "1"]
[WhiteTeam "Steinfurt IV"]
[BlackTeam "Nordwalde II"]
[WhiteTeamCountry "GER"]
[BlackTeamCountry "GER"]

1. d4 d5 2. Nc3 Nf6 3. Nf3 Bf5 4. Bf4 a6 5. Qd2 e6 6. Be5 Be7 7. Qf4 Bd6 8. Bxd6 Qxd6 9. Ne5 0-0 10. Rg1 Nbd7 11. h3 h5 12. g4 hxg4 13. Qg5 Nh7 14. Qf4 f6 15. Qg3 Nxe5 16. hxg4 Bxc2 17. Qh2 Nd3+ 18. exd3 Qxh2 19. Ne2 Bxd3 20. Rg2 Qd6 21. Rd1 Be4 22. Rg3 Ng5 23. Re3 Nf3+ 24. Rxf3 Bxf3 25. Rd3 Bxg4 26. f3 Bf5 27. Re3 Qb4+ 28. Rc3 Qxb2 29. Rxc7 Rab8 30. Rc3 Rfc8 31. Rb3 Qxa2 32. Rb4 Qa5 33. Ng3 Qxb4+ 34. Ke2 Qxd4 35. f4 Rc2+ 36. Kf3 Qc3+ 37. Bd3 Qxd3# 0-1

[Event "Steinfurt Bezirksklasse 1516"]
[Site "Germany"]
[Date "2016.04.09"]
[Round "8.6"]
[White "Stricker, Reinhold"]
[Black "Kleimann, Luca"]
[Result "1/2-1/2"]
[WhiteElo "1136"]
[BlackElo "1045"]
[PlyCount "27"]
[EventDate "2015.09.05"]
[EventType "team-tourn"]
[EventRounds "9"]
[EventCountry "GER"]
[SourceTitle "EXT 2017"]
[Source "ChessBase"]
[SourceDate "2016.10.25"]
[SourceVersion "1"]
[SourceVersionDate "2016.10.25"]
[SourceQuality "1"]
[WhiteTeam "Nordwalde II"]
[BlackTeam "Emsdetten Rochade VI"]
[WhiteTeamCountry "GER"]
[BlackTeamCountry "GER"]

1. e4 c5 2. Nf3 Nc6 3. Bb5 g6 4. Nc3 Bg7 5. d3 Nf6 6. 0-0 d5 7. exd5 Nxd5 8. Nxd5 Qxd5 9. Bc4 Qf5 10. c3 0-0 11. Be3 b6 12. Qe2 e5 13. Nh4 Qg4 14. Qxg4 1/2-1/2

[Event "Steinfurt Bezirksklasse 1415"]
[Site "Germany"]
[Date "2015.05.16"]
[Round "9.4"]
[White "Bahr, Maximilian"]
[Black "Stricker, Reinhold"]
[Result "1-0"]
[WhiteElo "1443"]
[BlackElo "1185"]
[PlyCount "53"]
[EventDate "2014.09.20"]
[EventType "team-tourn"]
[EventRounds "9"]
[EventCountry "GER"]
[SourceTitle "EXT 2016"]
[Source "ChessBase"]
[SourceDate "2015.10.08"]
[SourceVersion "1"]
[SourceVersionDate "2015.10.08"]
[SourceQuality "1"]
[WhiteTeam "Emsdetten Rochade V"]
[BlackTeam "Nordwalde II"]
[WhiteTeamCountry "GER"]
[BlackTeamCountry "GER"]

1. e4 e5 2. Nf3 Nc6 3. Bc4 Bc5 4. c3 Nf6 5. d4 exd4 6. cxd4 Bb4+ 7. Bd2 Bxd2+ 8. Nbxd2 d5 9. exd5 Nxd5 10. 0-0 0-0 11. Re1 Nf6 12. Ne4 Bf5 13. Ng3 Bg4 14. d5 Na5 15. b3 Bxf3 16. Qxf3 Nxc4 17. bxc4 Qd7 18. Nf5 Rfe8 19. Red1 Re5 20. Ne3 Rb8 21. Rac1 b5 22. c5 Rd8 23. d6 cxd6 24. Rxd6 Qc7 25. Rxd8+ Qxd8 26. Qb7 Qa5 27. c6 1-0

[Event "Steinfurt Bezirksklasse 0708"]
[Site "Germany"]
[Date "2007.12.08"]
[Round "3.5"]
[White "Roos, Bastian"]
[Black "Stricker, Reinhold"]
[Result "1/2-1/2"]
[WhiteElo "1313"]
[BlackElo "1215"]
[PlyCount "42"]
[EventDate "2007.10.13"]
[EventType "team-tourn"]
[EventRounds "7"]
[EventCountry "GER"]
[SourceTitle "EXT 2009"]
[Source "ChessBase"]
[SourceDate "2008.11.26"]
[SourceVersion "1"]
[SourceVersionDate "2008.11.26"]
[SourceQuality "1"]
[WhiteTeam "Saerbeck III"]
[BlackTeam "Rheine SG II"]
[WhiteTeamCountry "GER"]
[BlackTeamCountry "GER"]

1. d4 d5 2. c4 Nf6 3. Nf3 Bf5 4. Nc3 e6 5. a3 Be7 6. Bf4 0-0 7. e3 a6 8. Ne5 c5 9. dxc5 Bxc5 10. b4 Bd6 11. c5 Bxe5 12. Bxe5 Nc6 13. Bd6 Ne7 14. Na4 Nd7 15. Rc1 Re8 16. b5 Nc8 17. c6 Nxd6 18. cxd7 Re7 19. Qd4 Qa5+ 20. Kd1 axb5 21. Nb6 Rd8 1/2-1/2

[Event "Steinfurt Kreisklasse 0607"]
[Site "Germany"]
[Date "2007.01.20"]
[Round "5.4"]
[White "Stricker, Reinhold"]
[Black "Toenjann, Jonas"]
[Result "1-0"]
[WhiteElo "1226"]
[BlackElo "778"]
[PlyCount "29"]
[EventDate "2006.09.23"]
[EventType "team-tourn"]
[EventRounds "10"]
[EventCountry "GER"]
[SourceTitle "EXT 2008"]
[Source "ChessBase"]
[SourceDate "2007.11.25"]
[SourceVersion "1"]
[SourceVersionDate "2007.11.25"]
[SourceQuality "1"]
[WhiteTeam "Rheine SG II"]
[BlackTeam "Neuenkirchen III"]
[WhiteTeamCountry "GER"]
[BlackTeamCountry "GER"]

1. e4 e5 2. Nf3 Nf6 3. Nc3 Nc6 4. Bc4 Nd4 5. Nxe5 d6 6. Nxf7 Qe7 7. Nxh8 Bg4 8. f3 Bh5 9. 0-0 0-0-0 10. d3 d5 11. Nxd5 Nxd5 12. Bxd5 c6 13. Bb3 Nxb3 14. axb3 Kb8 15. Bf4+ 1-0

[Event "Steinfurt Bezirksklasse 0506"]
[Site "Germany"]
[Date "2005.11.12"]
[Round "3.5"]
[White "Stricker, Reinhold"]
[Black "Von Gorissen, Rolf Ruediger"]
[Result "1/2-1/2"]
[WhiteElo "1250"]
[BlackElo "1562"]
[PlyCount "135"]
[EventDate "2005.09.10"]
[EventType "team-tourn"]
[EventRounds "7"]
[EventCountry "GER"]
[SourceTitle "EXT 2006"]
[Source "ChessBase"]
[SourceDate "2005.11.24"]
[SourceVersion "1"]
[SourceVersionDate "2005.11.24"]
[SourceQuality "1"]
[WhiteTeam "Rheine SG II"]
[BlackTeam "Steinfurt III"]
[WhiteTeamCountry "GER"]
[BlackTeamCountry "GER"]

1. e4 e6 2. d4 d5 3. Nc3 Bb4 4. exd5 exd5 5. Bd2 Nf6 6. a3 Bd6 7. Bg5 c6 8. Nf3 Bg4 9. Be2 0-0 10. 0-0 Nbd7 11. Nh4 Bxe2 12. Nxe2 Bxh2+ 13. Kh1 Bd6 14. Nf5 Qc7 15. Nxd6 Qxd6 16. Bxf6 Nxf6 17. f3 Nh5 18. Qe1 Rfe8 19. Qf2 Re6 20. Rae1 Rae8 21. Kg1 Kf8 22. g4 Nf4 23. Nxf4 Qxf4 24. Rxe6 Rxe6 25. c3 Qe3 26. Qxe3 Rxe3 27. Kf2 Re6 28. Rh1 h6 29. b3 g5 30. c4 Kg7 31. cxd5 cxd5 32. Rc1 Rc6 33. Re1 Re6 34. Rc1 Re7 35. Rc5 Rd7 36. Rc3 Kg6 37. Kg3 h5 38. gxh5+ Kxh5 39. f4 g4 40. Rc1 f5 41. Re1 Kg6 42. Re6+ Kf7 43. Re3 Kf6 44. Rc3 Re7 45. Rd3 Re4 46. b4 Ke6 47. b5 Kd6 48. a4 Kd7 49. a5 Kd6 50. a6 bxa6 51. bxa6 Kd7 52. Rb3 Rxd4 53. Rb7+ Ke6 54. Rxa7 Ra4 55. Ra8 d4 56. Kf2 Kd5 57. a7 Ra2+ 58. Kg3 Ra3+ 59. Kh4 g3 60. Rd8+ Ke4 61. a8Q+ Rxa8 62. Rxa8 Kxf4 63. Rg8 d3 64. Rxg3 Ke4 65. Rg1 d2 66. Rd1 Ke3 67. Rxd2 Kxd2 68. Kg5 1/2-1/2

[Event "Steinfurt Bezirksklasse 0506"]
[Site "Germany"]
[Date "2005.10.22"]
[Round "2.4"]
[White "Stricker, Reinhold"]
[Black "Lerch, Heinz"]
[Result "1/2-1/2"]
[WhiteElo "1250"]
[BlackElo "1569"]
[PlyCount "56"]
[EventDate "2005.09.10"]
[EventType "team-tourn"]
[EventRounds "7"]
[EventCountry "GER"]
[SourceTitle "EXT 2006"]
[Source "ChessBase"]
[SourceDate "2005.11.24"]
[SourceVersion "1"]
[SourceVersionDate "2005.11.24"]
[SourceQuality "1"]
[WhiteTeam "Rheine SG II"]
[BlackTeam "Emsdetten Rochade III"]
[WhiteTeamCountry "GER"]
[BlackTeamCountry "GER"]

1. e4 c5 2. Nf3 d6 3. Bc4 e6 4. Nc3 Nf6 5. e5 dxe5 6. Nxe5 Bd6 7. Bb5+ Nbd7 8. Nxd7 Bxd7 9. d3 0-0 10. Bg5 Bxb5 11. Nxb5 Qa5+ 12. Nc3 Nd5 13. Bd2 Qb6 14. Rb1 Qc6 15. 0-0 a6 16. Nxd5 Qxd5 17. b3 Rfd8 18. Be3 Qe5 19. g3 h5 20. h4 Qf5 21. Kg2 Rd7 22. Qf3 Qg6 23. Kh1 f5 24. Rg1 Be7 25. Bf4 Rad8 26. Rbe1 Rd5 27. Re5 Rxe5 28. Bxe5 Bd6 1/2-1/2

[Event "Steinfurt Bezirksklasse 0405"]
[Site "Germany"]
[Date "2005.04.16"]
[Round "9.4"]
[White "Stricker, Reinhold"]
[Black "Stange, Joerg"]
[Result "0-1"]
[WhiteElo "1267"]
[BlackElo "1559"]
[PlyCount "76"]
[EventDate "2004.09.18"]
[EventType "team-tourn"]
[EventRounds "11"]
[EventCountry "GER"]
[SourceTitle "EXT 2006"]
[Source "ChessBase"]
[SourceDate "2005.11.24"]
[SourceVersion "1"]
[SourceVersionDate "2005.11.24"]
[SourceQuality "1"]
[WhiteTeam "Rheine SG II"]
[BlackTeam "Rheine CC"]
[WhiteTeamCountry "GER"]
[BlackTeamCountry "GER"]

1. e4 e5 2. Nf3 Nf6 3. d3 Nc6 4. Nc3 Bb4 5. Bd2 0-0 6. a3 Ba5 7. b4 Bb6 8. Be2 d6 9. h3 Nd4 10. 0-0 Nxe2+ 11. Nxe2 Be6 12. c4 Qd7 13. Kh2 c6 14. Ng5 Rad8 15. Nxe6 fxe6 16. Ng3 Bc7 17. Be3 b6 18. Qd2 d5 19. c5 dxe4 20. cxb6 axb6 21. d4 exd4 22. Bg5 Bxg3+ 23. fxg3 e3 24. Qd3 Qd5 25. h4 h6 26. Bxf6 Rxf6 27. Rae1 Rxf1 28. Rxf1 Rf8 29. Rxf8+ Kxf8 30. Kg1 b5 31. Qe2 Qf5 32. g4 Qe4 33. Kf1 Qb1+ 34. Qe1 Qxe1+ 35. Kxe1 g5 36. hxg5 hxg5 37. Ke2 Ke7 38. Kd3 Kd6 0-1

[Event "Steinfurt Bezirksklasse 0405"]
[Site "Germany"]
[Date "2005.02.19"]
[Round "7.3"]
[White "Kumpmann, Ulrich"]
[Black "Stricker, Reinhold"]
[Result "1/2-1/2"]
[WhiteElo "1513"]
[BlackElo "1267"]
[PlyCount "50"]
[EventDate "2004.09.18"]
[EventType "team-tourn"]
[EventRounds "11"]
[EventCountry "GER"]
[SourceTitle "EXT 2006"]
[Source "ChessBase"]
[SourceDate "2005.11.24"]
[SourceVersion "1"]
[SourceVersionDate "2005.11.24"]
[SourceQuality "1"]
[WhiteTeam "Nordwalde III"]
[BlackTeam "Rheine SG II"]
[WhiteTeamCountry "GER"]
[BlackTeamCountry "GER"]

1. e4 e5 2. Nf3 Nc6 3. Bc4 Bc5 4. d3 h6 5. Nc3 Nf6 6. 0-0 0-0 7. h3 d6 8. Re1 Re8 9. a3 a5 10. Be3 Bxe3 11. fxe3 Be6 12. Bb5 Bd7 13. d4 Na7 14. Bxd7 Qxd7 15. Qd2 Rad8 16. Rf1 b6 17. Nh4 Nb5 18. Nxb5 Qxb5 19. Qc3 c5 20. dxc5 Nxe4 21. Qd3 Qxd3 22. cxd3 Nxc5 23. d4 exd4 24. exd4 Nb3 25. Rad1 a4 1/2-1/2

[Event "Steinfurt Bezirksklasse 0304"]
[Site "Germany"]
[Date "2004.05.29"]
[Round "11.4"]
[White "Tietz, Hans Joachim"]
[Black "Stricker, Reinhold"]
[Result "1-0"]
[WhiteElo "1578"]
[BlackElo "1250"]
[PlyCount "65"]
[EventDate "2003.09.27"]
[EventType "team-tourn"]
[EventRounds "11"]
[EventCountry "GER"]
[SourceTitle "EXT 2005"]
[Source "ChessBase"]
[SourceDate "2004.11.15"]
[SourceVersion "1"]
[SourceVersionDate "2004.11.15"]
[SourceQuality "1"]
[WhiteTeam "Saerbeck Falke III"]
[BlackTeam "Rheine SG II"]
[WhiteTeamCountry "GER"]
[BlackTeamCountry "GER"]

1. d4 d5 2. c4 Nf6 3. Nc3 h6 4. e3 Bf5 5. Nf3 e6 6. Be2 Nc6 7. a3 Be7 8. h3 0-0 9. 0-0 Ne4 10. cxd5 Nxc3 11. bxc3 Qxd5 12. Nd2 Qd7 13. e4 Bh7 14. Bf3 Na5 15. Nb3 Nxb3 16. Qxb3 c6 17. Be3 b6 18. Rfd1 Qc7 19. e5 Rad8 20. c4 Rd7 21. Rac1 Rfd8 22. Qc3 c5 23. d5 exd5 24. cxd5 Bg5 25. d6 Qb8 26. Bc6 Bxe3 27. Qxe3 Bf5 28. Bxd7 Rxd7 29. g4 Bh7 30. f4 Qe8 31. f5 f6 32. e6 Rb7 33. d7 1-0

[Event "Steinfurt Bezirksklasse 0304"]
[Site "Germany"]
[Date "2004.05.15"]
[Round "10.6"]
[White "Stricker, Reinhold"]
[Black "Just, Sergey"]
[Result "1/2-1/2"]
[WhiteElo "1250"]
[BlackElo "1288"]
[PlyCount "47"]
[EventDate "2003.09.27"]
[EventType "team-tourn"]
[EventRounds "11"]
[EventCountry "GER"]
[SourceTitle "EXT 2005"]
[Source "ChessBase"]
[SourceDate "2004.11.15"]
[SourceVersion "1"]
[SourceVersionDate "2004.11.15"]
[SourceQuality "1"]
[WhiteTeam "Rheine SG II"]
[BlackTeam "Steinfurt III"]
[WhiteTeamCountry "GER"]
[BlackTeamCountry "GER"]

1. e4 e5 2. Nf3 Nc6 3. Bc4 Bc5 4. Nc3 Nf6 5. 0-0 0-0 6. d3 d6 7. h3 Be6 8. Bb5 Nd4 9. Nxd4 Bxd4 10. Ne2 Bc5 11. Bg5 h6 12. Bh4 a6 13. Ba4 b5 14. Bb3 Qe7 15. Bxf6 Qxf6 16. c3 c6 17. d4 exd4 18. cxd4 Bxb3 19. axb3 Bb6 20. Qd3 d5 21. exd5 cxd5 22. Rad1 Qd6 23. Qg3 Bc7 24. Qxd6 1/2-1/2

[Event "Steinfurt Bezirksklasse 0304"]
[Site "Germany"]
[Date "2004.03.20"]
[Round "8.5"]
[White "Wehner, Siegfried"]
[Black "Stricker, Reinhold"]
[Result "1/2-1/2"]
[WhiteElo "1552"]
[BlackElo "1250"]
[PlyCount "86"]
[EventDate "2003.09.27"]
[EventType "team-tourn"]
[EventRounds "11"]
[EventCountry "GER"]
[SourceTitle "EXT 2005"]
[Source "ChessBase"]
[SourceDate "2004.11.15"]
[SourceVersion "1"]
[SourceVersionDate "2004.11.15"]
[SourceQuality "1"]
[WhiteTeam "Reckenfeld II"]
[BlackTeam "Rheine SG II"]
[WhiteTeamCountry "GER"]
[BlackTeamCountry "GER"]

1. Nf3 Nc6 2. g3 d5 3. Bg2 Nf6 4. d3 h6 5. 0-0 Bf5 6. Nbd2 e6 7. Re1 Bc5 8. c3 a5 9. d4 Bb6 10. Nf1 0-0 11. Bf4 Nh5 12. Qc1 Nxf4 13. Qxf4 g5 14. Qe3 Qf6 15. Ne5 Nxe5 16. Qxe5 Qxe5 17. dxe5 c6 18. e4 dxe4 19. Bxe4 Bxe4 20. Rxe4 Rac8 21. Nd2 Bc7 22. Nc4 b5 23. Nd6 Rcd8 24. Rd1 Rd7 25. h4 gxh4 26. Rxh4 Kh7 27. Rhd4 Rfd8 28. Kg2 Bxd6 29. Rxd6 Rxd6 30. Rxd6 Rc8 31. Kf3 Kg6 32. Ke3 Rc7 33. f4 Kf5 34. Kf3 h5 35. Rd8 Kg6 36. Ke4 b4 37. cxb4 axb4 38. a3 bxa3 39. bxa3 c5 40. Rd3 Ra7 41. Rc3 Rc7 42. a4 Ra7 43. Ra3 Ra5 1/2-1/2

[Event "Steinfurt Bezirksklasse 0304"]
[Site "Germany"]
[Date "2003.11.08"]
[Round "3.4"]
[White "Stricker, Reinhold"]
[Black "Wallasch, Rolf"]
[Result "1/2-1/2"]
[WhiteElo "1250"]
[BlackElo "1476"]
[PlyCount "40"]
[EventDate "2003.09.27"]
[EventType "team-tourn"]
[EventRounds "11"]
[EventCountry "GER"]
[SourceTitle "EXT 2005"]
[Source "ChessBase"]
[SourceDate "2004.11.15"]
[SourceVersion "1"]
[SourceVersionDate "2004.11.15"]
[SourceQuality "1"]
[WhiteTeam "Rheine SG II"]
[BlackTeam "Ibbenbueren III"]
[WhiteTeamCountry "GER"]
[BlackTeamCountry "GER"]

1. e4 e5 2. Nf3 Nc6 3. Bc4 Be7 4. 0-0 Nf6 5. Nc3 d6 6. h3 0-0 7. d4 exd4 8. Nxd4 Ne5 9. Bb3 a6 10. f4 Ned7 11. a4 Nc5 12. Re1 Nxb3 13. Nxb3 c6 14. e5 Ne8 15. exd6 Nxd6 16. Nd2 Nf5 17. Nce4 Bh4 18. Rf1 Ne3 19. Qf3 Nxf1 20. Qxf1 Qd5 1/2-1/2

[Event "Steinfurt Kreisklasse 0203"]
[Site "Germany"]
[Date "2003.03.08"]
[Round "7.4"]
[White "Stricker, Reinhold"]
[Black "Tietz, Hans Joachim"]
[Result "1/2-1/2"]
[WhiteElo "1217"]
[BlackElo "1571"]
[PlyCount "41"]
[EventDate "2002.09.21"]
[EventType "team-tourn"]
[EventRounds "10"]
[EventCountry "GER"]
[SourceTitle "EXT 2005"]
[Source "ChessBase"]
[SourceDate "2004.11.15"]
[SourceVersion "1"]
[SourceVersionDate "2004.11.15"]
[SourceQuality "1"]
[WhiteTeam "Rheine SG II"]
[BlackTeam "Saerbeck Falke III"]
[WhiteTeamCountry "GER"]
[BlackTeamCountry "GER"]

1. e4 e5 2. Nf3 Nc6 3. Bc4 Nf6 4. Nc3 Be7 5. 0-0 0-0 6. d4 exd4 7. Nxd4 Ne5 8. Bb3 d6 9. h3 h6 10. f4 Ng6 11. f5 Ne5 12. Bf4 c6 13. Bxe5 dxe5 14. Nf3 Qc7 15. Qe1 Re8 16. Qg3 Kf8 17. Rad1 b5 18. a3 a5 19. Rfe1 Nh5 20. Qg4 Nf6 21. Qg3 1/2-1/2